Methods of Land Valuation by Public Agencies (Record no. 122235)
[ view plain ]
| 000 -LEADER | |
|---|---|
| fixed length control field | 01664nam a22003137a 4500 |
| 005 - DATE AND TIME OF LATEST TRANSACTION | |
| control field | 20260121150050.0 |
| 008 - FIXED-LENGTH DATA ELEMENTS--GENERAL INFORMATION | |
| fixed length control field | 260121t2025 ja eod||r|||| 00| 0 eng d |
| 020 ## - INTERNATIONAL STANDARD BOOK NUMBER | |
| ISBN | 9784882552031 |
| 041 ## - LANGUAGE CODE | |
| Language code of text/sound track or separate title | eng |
| 082 ## - DEWEY DECIMAL CLASSIFICATION NUMBER | |
| Classification number | F 333.332 YAM |
| 100 ## - MAIN ENTRY--PERSONAL NAME | |
| Personal author | Yamamoto, Issei |
| 245 ## - TITLE STATEMENT | |
| Title | Methods of Land Valuation by Public Agencies |
| Subtitle | : a practical guide for Global Asset Valuation Professionals incorporating a unique interpretation of Japanese methods of Land Valuation for Property Tax Purposes for determining "fair market value" |
| 260 ## - PUBLICATION INFORMATION | |
| Place of publication | Japan, |
| Publisher | Kochi Real Estate Appraisal Office, |
| Date | May 2025 |
| 300 ## - PHYSICAL DESCRIPTION | |
| Physical description | 405pp |
| Dimensions | 26cm |
| 500 ## - GENERAL NOTE | |
| General note | Donated by the author |
| 520 ## - ABSTRACT | |
| Abstract | Intended to serve as a reference for land asset valuation professionals at public institutions worldwide. The central valuation concept of IVS aligns with Japan's "normal price' (seijo kakaku) in Japan's Real Estate Appraisal Standards. Despite the difference in terminology, both benchmarks target a market value based on set definitions. Chapters on: Fundamentals of Land Valuation for Property Tax Purposes; Classification of Functional use Districts and Neighbourhood Districts; Identifying Land Use Categories; Parcel Identification; Setting Roadside Prices and applying the Parcel Calculation method |
| 650 ## - KEYWORDS | |
| Keywords | FAIR MARKET VALUE |
| 650 ## - KEYWORDS | |
| Keywords | INTERNATIONAL VALUATION STANDARDS |
| 650 ## - KEYWORDS | |
| Keywords | JAPAN |
| 650 ## - KEYWORDS | |
| Keywords | JAPANESE REAL ESTATE APPRAISAL STANDARDS |
| 650 ## - KEYWORDS | |
| Keywords | LAND USE CATEGORISATION |
| 650 ## - KEYWORDS | |
| Keywords | NORMAL PRICE |
| 650 ## - KEYWORDS | |
| Keywords | VALUATION |
| 651 ## - SUBJECT ADDED ENTRY--GEOGRAPHIC NAME | |
| Geographic name | International |
| 651 ## - SUBJECT ADDED ENTRY--GEOGRAPHIC NAME | |
| Geographic name | Japan |
| 690 ## - BROAD SUBJECT | |
| Broad subject | Valuation |
| 9 (RLIN) | 6273 |
| 700 ## - ADDED PERSONAL NAME | |
| Added personal author | Yamamoto, Issei |
| 942 ## - ADDED ENTRY ELEMENTS (KOHA) | |
| Suppress in OPAC | Do not suppress in OPAC |
| Lost status | Source of classification or shelving scheme | Damaged status | Not for loan | Collection code | Home library | Current library | Shelving location | Date acquired | Total Checkouts | Full call number | Date last seen | Price effective from | Koha item type |
|---|---|---|---|---|---|---|---|---|---|---|---|---|---|
| Non-fiction | London | London | Folio | 21/01/2026 | F 333.332 YAM | 21/01/2026 | 21/01/2026 | Book |